За создание Единой энергетической системы (Запись № 11048458)

Подробности
000 -МАРКЕР
контрольное поле 01801nam0a2200325 4500
001 - ИДЕНТИФИКАТОР ЗАПИСИ
контрольное поле RU\NLR\BIBL_A\012244243
005 - ИДЕНТИФИКАТОР ВЕРСИИ
контрольное поле 20260408090810.0
010 ## - МЕЖДУНАРОДНЫЙ СТАНДАРТНЫЙ НОМЕР КНИГИ (ISBN)
Цена 1 р. 22 к.
Тираж 1200
021 ## - НОМЕР ГОСУДАРСТВЕННОЙ РЕГИСТРАЦИИ
Код страны Российская Федерация
Номер 62-9218
035 ## - ДРУГИЕ СИСТЕМНЫЕ НОМЕРА
Идентификатор записи (NLR Aleph) 012244243
100 ## - ДАННЫЕ ОБЩЕЙ ОБРАБОТКИ
Данные общей обработки 20130416d1961 |||y0rusy50 ca
101 0# - ЯЗЫК РЕСУРСА
Язык текста, звукозаписи и т.д. русский
102 ## - СТРАНА ПУБЛИКАЦИИ ИЛИ ПРОИЗВОДСТВА
Страна публикации Российская Федерация
105 ## - ПОЛЕ КОДИРОВАННЫХ ДАННЫХ: ТЕКСТОВЫЕ МАТЕРИАЛЫ, МОНОГРАФИЧЕСКИЕ
Кодированные данные о монографическом текстовом документе a z 1||||
200 1# - ЗАГЛАВИЕ И СВЕДЕНИЯ ОБ ОТВЕТСТВЕННОСТИ
Основное заглавие За создание Единой энергетической системы
Сведения, относящиеся к заглавию (материалы семинара)
Первые сведения об ответственности М-во строительства электростанций СССР. Техн. упр., Всесоюз. ин-т по проектированию организации энергет. строительства "Оргэнергострой". Моск. филиал
Последующие сведения об ответственности [ред. инженер Б.М. Лахтин]
210 ## - ПУБЛИКАЦИЯ, РАСПРОСТРАНЕНИЕ И ДР.
Место издания, распространения и т.д. Москва
Дата издания, распространения и т.д. 1961
215 ## - ФИЗИЧЕСКАЯ ХАРАКТЕРИСТИКА
Специфическое обозначение материала и объем 103 с., 1 л. черт.
Другие сведения о физической характеристике ил.
Размеры 22
225 1# - СЕРИЯ
Основное заглавие серии [Из опыта энергетического строительства]
606 1# - НАИМЕНОВАНИЕ ТЕМЫ КАК ПРЕДМЕТ
Наименование темы Энергетические системы
Формальный подзаголовок Съезды, совещания и т.п.
Тематический подзаголовок Единая высоковольтная сеть
Географический подзаголовок СССР
Системный номер авторитетной/нормативной записи 1319771
Идентификатор авторитетной/нормативной записи RU\NLR\AUTH\66232250
686 1# - ИНДЕКСЫ ДРУГИХ КЛАССИФИКАЦИЙ
Индекс з27г(2)
702 #1 - ИМЯ ЛИЦА - ВТОРИЧНАЯ ОТВЕТСТВЕННОСТЬ
Начальный элемент ввода Лахтин
Часть имени, кроме начального элемента ввода Б. М.
Расширение инициалов личного имени Борис Михайлович
Код отношения Редактор
711 12 - НАИМЕНОВАНИЕ ОРГАНИЗАЦИИ - АЛЬТЕРНАТИВНАЯ ОТВЕТСТВЕННОСТЬ
Начальный элемент ввода "За создание единой энергетической системы", семинар
Место проведения временной организации Москва
Дата проведения временной организации 1961
Системный номер авторитетной/нормативной записи 701065
Идентификатор авторитетной/нормативной записи RU\NLR\AUTH\880520141
712 02 - НАИМЕНОВАНИЕ ОРГАНИЗАЦИИ - ВТОРИЧНАЯ ОТВЕТСТВЕННОСТЬ
Код отношения Издающая организация
Начальный элемент ввода "Оргэнергострой", институт
Идентифицирующий признак Куйбышев
Структурное подразделение Московский филиал
Идентификатор авторитетной/нормативной записи RU\NLR\AUTH\8810229380
Системный номер авторитетной/нормативной записи 343613
801 #0 - ИСТОЧНИК ЗАПИСИ
Страна Российская Федерация
Организация NLR
Правила каталогизации psbo
801 #1 - ИСТОЧНИК ЗАПИСИ
Страна Российская Федерация
Организация ELAR
Источник данных rusmarc
852 ## - МЕСТОНАХОЖДЕНИЕ И ШИФР ХРАНЕНИЯ
Идентификатор организации NLR
Шифр хранения (Call Number) 62-5/1110
942 ## - ДОПОЛНИТЕЛЬНЫЕ ЭЛЕМЕНТЫ ЗАПИСИ (АБИС)
Тип экземпляра АБИС Книга
980 ## - КОЛЛЕКЦИЯ
Название коллекции Национальная библиография
Экземпляры
Тип экземпляра Дата поступления Библиотека постоянного хранения Библиотека текущего хранения Место хранения Шифр хранения Штрих-код Статус экземпляра
Книга 12.03.2020 РНБ (Московский) РНБ (Московский) Русский книжный фонд: издания с 1957 года 62-5/1110 ERR-174652